000 00260 a2200097 4500
001 31460
100 _aRajaraman, V
245 _aEssential of assembly language programming for PBMPC
260 _aNew Delhi
_bPrentic-Hall
_c1998
090 _c21344
_d21344
942 _aNUST-CAE
_cMONOGRAPH
_c12608
999 _c266533
_d266533